All Teams Never to Play in the Premier League - Statistics

General Stats
  • This quiz has been taken 5,332 times
    3,253 since last reset
  • The average score is 36 of 66
Answer Stats
Team % Correct
Wrexham
82%
Bristol City
80%
Plymouth Argyle
80%
Chester City
78%
Oxford United
78%
Cambridge United
72%
Milton Keynes Dons
72%
Accrington Stanley
71%
Bristol Rovers
70%
Exeter City
70%
Millwall
68%
Preston North End
66%
Carlisle United
65%
Notts County
65%
Lincoln City
64%
Northampton Town
64%
Doncaster Rovers
63%
Wycombe Wanderers
63%
Grimsby Town
62%
Leyton Orient
62%
Peterborough United
62%
York City
62%
Colchester United
61%
Newport County
61%
Salford City
61%
Tranmere Rovers
61%
Yeovil Town
61%
Gillingham
59%
Port Vale
59%
Rotherham United
59%
Walsall
58%
Crewe Alexandra
57%
Stockport County
57%
AFC Wimbledon
56%
Mansfield Town
56%
Burton Albion
55%
Chesterfield
55%
Forest Green Rovers
55%
Cheltenham Town
53%
Shrewsbury Town
53%
Bury
51%
Crawley Town
51%
Fleetwood Town
51%
Morecambe
51%
Hartlepool United
50%
Southend United
50%
Stevenage
49%
Harrogate Town
48%
Scunthorpe United
48%
Barrow
47%
Barnet
45%
Rochdale
44%
Bromley
42%
Macclesfield Town
42%
Dagenham & Redbridge
41%
Sutton United
41%
Torquay United
38%
Aldershot Town
35%
Hereford United
34%
Darlington
33%
Halifax Town
30%
Kidderminster Harriers
30%
Boston United
26%
Maidstone United
24%
Rushden & Diamonds
21%
Scarborough
21%
No matching quizzes found
Score Distribution
Percent of People with Each Score
Percentile by Number Answered
Your Score History
You have not taken this quiz since the last reset